Countries in Eurovision Song Contest - Statistics

General Stats
  • This quiz has been taken 214 times
    175 since last reset
  • The average score is 46 of 52
Answer Stats
Eurovision Country % Correct
United Kingdom
98%
Austria
95%
Finland
95%
Russia
95%
Albania
94%
Denmark
94%
Ireland
94%
Norway
94%
Sweden
94%
Bosnia and Herzegovina
93%
Portugal
93%
Estonia
92%
France
92%
Germany
92%
Greece
92%
Iceland
92%
Latvia
92%
Lithuania
92%
Poland
92%
Serbia
92%
Spain
92%
Andorra
91%
Belgium
91%
Malta
91%
Azerbaijan
90%
Belarus
90%
Croatia
90%
Hungary
90%
Netherlands
90%
Ukraine
90%
Slovakia
89%
Slovenia
89%
Australia
88%
Israel
88%
Romania
88%
Switzerland
88%
Armenia
87%
Cyprus
87%
Italy
87%
Luxembourg
87%
Montenegro
87%
Monaco
86%
Bulgaria
84%
Czech Republic
84%
North Macedonia
84%
Moldova
83%
Turkey
83%
Georgia
82%
San Marino
81%
Morocco
65%
Yugoslavia
60%
Serbia and Montenegro
40%
No matching quizzes found
Score Distribution
Percent of People with Each Score
Percentile by Number Answered
Your Score History
You have not taken this quiz since the last reset